000 01999cam a2200493Mi 4500
001 on1007230057
003 TZ-ArACH
005 20210316130457.0
008 171019t20172017fr b 000 0 fre d
020 _a9782343100241
_q(pbk.)
020 _a2343100241
035 _a(OCoLC)1007230057
040 _aAUXAM
_beng
_erda
_cTZ-ArACH
043 _af------
049 _aTZAA
050 4 _aKQE 10
_b.Z24 2017
082 4 _a340
100 1 _aDiakité, Kémoko.
_eauthor.
245 1 0 _aDroit de l'intégration africaine :
_borganisations communautaires en Afrique de l'Ouest, rapports entre les organisations sous-régionales, l'Union africaine et l'Organisation des Nations unies, défis prioritaires de l'intégration en Afrique /
_cKémoko Diakité ; préface du Pr Abdoulaye Sakho.
260 _aParis :
_bÉditions L'Harmattan,
_c2017.
300 _a187 pages ;
_c22 cm
504 _aIncludes bibliographical references.
505 0 0 _gIntroduction --
_tLes normes des organisations d'intégration en Afrique de l'Ouest --
_tRapports entre les organisations africaines, l'UA et l'ONU --
_tAcquis et faiblesses --
_tDéfis prioritaires de l'intégration africaine --
_gConclusion.
610 2 0 _aAfrican Union.
610 2 7 _aAfrican Union.
_2fast
648 7 _aSince 1960
_2fast
650 7 _aAfrica.
_2ascl
650 7 _aWest Africa.
_2ascl
650 7 _ainternational organizations.
_2ascl
650 7 _aInternational relations.
_2ascl
650 7 _aEconomic integration.
_2ascl
650 7 _aAfrican agreements.
_2ascl
650 7 _aInternational law.
_2ascl
650 7 _aLegislation.
_2ascl
_914887
650 7 _aInternational economic integration.
_2fast
650 7 _aPolitics and government.
_2fast
650 7 _aWest Africa.
_2pplt
650 7 _aEconomic integration.
_2pplt
650 7 _aRegional organizations.
_2pplt
651 0 _aAfrica
_xEconomic integration.
651 0 _aAfrica
_xPolitics and government
_y1960-
651 7 _aAfrica.
_2fast
942 _2lcc
_cBOOK
999 _c6321
_d6321